Green in the Answers - Statistics

General Stats
  • This quiz has been taken 151,634 times
    24,641 since last reset
  • The average score is 13 of 20
Answer Stats
Clue Answer % Correct
Large island controlled by Denmark Greenland
99%
I.D. of a United States permanent resident Green card
93%
Jasmine or matcha, for example Green tea
88%
Gas such as carbon dioxide or methane Greenhouse gas
78%
What a good gardener has Green thumb
76%
Pop-punk band who recorded the 1994 album "Dookie" Green Day
74%
Spiderman's nemesis Green Goblin
73%
Prison movie starring Tom Hanks The Green Mile
71%
London locale that sits on the Prime Meridian Greenwich
70%
Place for a performer to wait off-stage Green room
66%
Activist environmental group Greenpeace
62%
I will not eat them Sam I Am Green eggs & ham
60%
Ross's on-again off-again partner Rachel Green
57%
A plant that is not deciduous is ... Evergreen
55%
U.S. Army special forces soldier Green Beret
55%
Food product which the French call "haricots verts" Green beans
53%
City in Wisconsin Green Bay
52%
International area of Baghdad Green Zone
50%
Circle of parks, fields, or nature surrounding a city Green belt
31%
Futuristic food made of people Soylent Green
28%
No matching quizzes found
Score Distribution
Percent of People with Each Score
Percentile by Number Answered
Your Score History
You have not taken this quiz since the last reset